Estudio y comprensión de la naturaleza 6: guía para el profesor

Sábháilte in:
Sonraí bibleagrafaíochta
Príomhchruthaitheoirí: Castillo Antezana, Cristina (Údar), Andraca Oyarzún, Silvia de (Údar), Zan Guerrero, Catalina (Údar)
Formáid: LEABHAR
Teanga:Spáinnis
Foilsithe / Cruthaithe: Santiago Arrayán 2001
Eagrán:3a. ed
Ábhair:
Clibeanna: Cuir clib leis
Níl clibeanna ann, Bí ar an gcéad duine le clib a chur leis an taifead seo!

MARC

LEADER 00000nam a2200000 a 4500
001 UCL5993
003 CL-VaPUC
008 040326e20010000CL |||||||||||||||||spa|d
020 |a 9562402851 
082 0 4 |a 372.357  |b CAS  |2 21 
100 0 |a Castillo Antezana, Cristina  |e author  |9 483736 
700 0 |a Andraca Oyarzún, Silvia de  |e author  |9 483737 
700 0 |a Zan Guerrero, Catalina  |e author  |9 483738 
245 1 0 |a Estudio y comprensión de la naturaleza 6: guía para el profesor 
250 |a 3a. ed 
300 |a 64 p 
942 |c BK 
945 |d 20040326 00:00:00  |a cmena 
260 |a Santiago  |b Arrayán  |c 2001 
650 0 |a Educación científica   |9 307484 
650 0 |a Medio ambiente  |9 257625 
650 0 |a Educación básica   |9 224933 
650 0 |a Libros de texto  |9 270019 
650 0 |a Métodos de enseñanza  |9 270413 
583 |a last modification  |c 20040326 00:00:00  |k Rodrigo Vera 
999 |c 308303  |d 308301 
952 |0 0  |1 0  |4 0  |6 372_357000000000000_CAS_2001  |7 0  |8 P  |9 374668  |a BIBEDU  |b BIBEDU  |c BIBEDU_PB  |d 2019-11-21  |i 3998819  |o 372.357 CAS 2001  |p 3998819  |r 2024-01-25  |w 2019-11-21  |y BK  |k EBA